|
|
|
|
| LEADER |
03208nam a22005655i 4500 |
| 001 |
978-4-431-55606-0 |
| 003 |
DE-He213 |
| 005 |
20151030001452.0 |
| 007 |
cr nn 008mamaa |
| 008 |
150601s2015 ja | s |||| 0|eng d |
| 020 |
|
|
|a 9784431556060
|9 978-4-431-55606-0
|
| 024 |
7 |
|
|a 10.1007/978-4-431-55606-0
|2 doi
|
| 040 |
|
|
|d GrThAP
|
| 050 |
|
4 |
|a QC770-798
|
| 050 |
|
4 |
|a QC702.7.H42
|
| 050 |
|
4 |
|a QC793.5.H32-793.5.H329
|
| 072 |
|
7 |
|a PHM
|2 bicssc
|
| 072 |
|
7 |
|a SCI051000
|2 bisacsh
|
| 082 |
0 |
4 |
|a 539.7092
|2 23
|
| 100 |
1 |
|
|a Miyazaki, Akira.
|e author.
|
| 245 |
1 |
0 |
|a Direct Measurement of the Hyperfine Structure Interval of Positronium Using High-Power Millimeter Wave Technology
|h [electronic resource] /
|c by Akira Miyazaki.
|
| 264 |
|
1 |
|a Tokyo :
|b Springer Japan :
|b Imprint: Springer,
|c 2015.
|
| 300 |
|
|
|a XIII, 122 p. 79 illus., 53 illus. in color.
|b online resource.
|
| 336 |
|
|
|a text
|b txt
|2 rdacontent
|
| 337 |
|
|
|a computer
|b c
|2 rdamedia
|
| 338 |
|
|
|a online resource
|b cr
|2 rdacarrier
|
| 347 |
|
|
|a text file
|b PDF
|2 rda
|
| 490 |
1 |
|
|a Springer Theses, Recognizing Outstanding Ph.D. Research,
|x 2190-5053
|
| 505 |
0 |
|
|a Introduction -- Experiment -- Analysis -- Discussion -- Conclusion.
|
| 520 |
|
|
|a In this thesis, the author develops new high-power millimeter wave techniques for measuring the hyperfine structure of positronium (Ps-HFS) directly for the first time in the world. Indirect measurement of Ps-HFS in the literature might have systematic uncertainties related to the use of a static magnetic field. Development of the millimeter wave devices supports the precise determination of Ps-HFS by directly measuring the Breit-Wigner resonant transition from o-Ps to p-Ps without the magnetic field. At the same time, the width of the measured Breit-Wigner resonance directly provides the lifetime of p-Ps. This measurement is the first precise spectroscopic experiment involving the magnetic dipole transition and high-power millimeter waves. The development of a gyrotron and a Fabry-Pérot cavity is described as providing an effective power of over 20 kW, which is required to cause the direct transition from o-Ps to p-Ps. Those values measured by the newly developed millimeter wave device pave the way for examining the discrepancy observed between conventional indirect experiments on Ps-HFS and the theoretical predictions of Quantum Electrodynamics.
|
| 650 |
|
0 |
|a Physics.
|
| 650 |
|
0 |
|a Nuclear physics.
|
| 650 |
|
0 |
|a Heavy ions.
|
| 650 |
|
0 |
|a Hadrons.
|
| 650 |
|
0 |
|a Atomic structure.
|
| 650 |
|
0 |
|a Molecular structure.
|
| 650 |
|
0 |
|a Spectra.
|
| 650 |
|
0 |
|a Physical measurements.
|
| 650 |
|
0 |
|a Measurement.
|
| 650 |
1 |
4 |
|a Physics.
|
| 650 |
2 |
4 |
|a Nuclear Physics, Heavy Ions, Hadrons.
|
| 650 |
2 |
4 |
|a Atomic/Molecular Structure and Spectra.
|
| 650 |
2 |
4 |
|a Measurement Science and Instrumentation.
|
| 710 |
2 |
|
|a SpringerLink (Online service)
|
| 773 |
0 |
|
|t Springer eBooks
|
| 776 |
0 |
8 |
|i Printed edition:
|z 9784431556053
|
| 830 |
|
0 |
|a Springer Theses, Recognizing Outstanding Ph.D. Research,
|x 2190-5053
|
| 856 |
4 |
0 |
|u http://dx.doi.org/10.1007/978-4-431-55606-0
|z Full Text via HEAL-Link
|
| 912 |
|
|
|a ZDB-2-PHA
|
| 950 |
|
|
|a Physics and Astronomy (Springer-11651)
|